| 000 | 00503nac a22001691u 4500 | ||
|---|---|---|---|
| 008 | 100901t2006 xxu|||||r|||| 001 0 eng d | ||
| 020 | _a8122409776 | ||
| 082 | 0 | 0 |
_a621.82 _bRAO _222 |
| 100 |
_aRao, J. S. _917764 |
||
| 245 | 1 | 0 |
_aRotor Dynamics / _cJ.S. Rao. |
| 250 | _a3rd ed. | ||
| 260 |
_aNew Delhi : _bNew Age International Pvt. Ltd., _c2006 . |
||
| 300 |
_a435 p. : _bill. ; _c24 cm. |
||
| 500 | _aIncludes index. | ||
| 650 | 0 |
_aRotors _xDynamics. _917765 |
|
| 942 |
_cBB _k621.82RAO _2ddc |
||
| 999 |
_c834 _d834 |
||